000 00437nam a22001457a 4500
005 20180821122607.0
020 _a156308936X
_c950.00
035 _aB-168417, B-168416, B-168420
037 _aDPL
_bENG
100 _aShuman, Bruce A.
245 _aCase studies in library security /
_cby Bruce A. Shuman
260 _aLondon
_bLibraries Unlimited
_c2005
300 _avii, 252p.
_c22 cms.
942 _2ddc
_cEN
_h025.82
_mSHU
999 _c63575
_d63575